Parallel programming : Techniques and applications using networked workstations and parallel computers

Đã lưu trong:
书目详细资料
主要作者: Wilkinson, Barry
格式: 图书
语言:Undetermined
出版: Upper Saddle River, NJ. Pearson/Prentice Hall 2005
主题:
标签: 添加标签
没有标签, 成为第一个标记此记录!
Thư viện lưu trữ: Trung tâm Học liệu Trường Đại học Cần Thơ
LEADER 00624nam a2200193Ia 4500
001 CTU_117846
008 210402s9999 xx 000 0 und d
020 |c 36.00 
082 |a 005.275 
082 |b W686 
100 |a Wilkinson, Barry 
245 0 |a Parallel programming : 
245 0 |b Techniques and applications using networked workstations and parallel computers 
245 0 |c Barry Wilkinson, Michael Allen 
260 |a Upper Saddle River, NJ. 
260 |b Pearson/Prentice Hall 
260 |c 2005 
650 |a parallel programming ( computer science ) 
980 |a Trung tâm Học liệu Trường Đại học Cần Thơ